000 00835nam a2200121Ia 4500
008 220615s9999||||xx |||||||||||||| ||und||
245 0 _aHigher Education Reforms in Romania: Between the Bologna Process and National Challenges
546 _aEnglish[eng]
650 _aHigher Education||Educational Policy and Politics||International and Comparative Education||International higher education arena||Higher education reforms||UEFISCDI||Evidence-based policy making||Higher education in Romania||Higher education public policies
700 _aCuraj, Adrian||Deca, Ligia||Egron-Polak, Eva||Salmi, Jamil
856 _uhttps://library.oapen.org/bitstream/20.500.12657/28062/1/1001932.pdf||https://library.oapen.org/bitstream/20.500.12657/28062/1/1001932.pdf||https://library.oapen.org/bitstream/20.500.12657/28062/1/1001932.pdf
942 _cEB
999 _c13498
_d13498